La ciencia de la palabra

Saved in:
Bibliografiske detaljer
Hovedforfatter: Atkinson, William W (Author)
Format: Bog
Sprog:spansk
Udgivet: Ciudad de México Novaro 1956
Serier:Serie Poligráfica, 31
Fag:
Tags: Tilføj Tag
Ingen Tags, Vær først til at tagge denne postø!

MARC

LEADER 00000nam a2200000 a 4500
001 UCZ5527
003 CL-VaPUC
008 951123e19560000MX |||||||||||||||||spa|d
082 0 4 |a 415  |b ATK  |2 21 
100 |a Atkinson, William W  |e author  |9 336250 
245 1 3 |a La ciencia de la palabra 
300 |a 183 p 
942 |c BK 
945 |d 19951123 00:00:00  |a rleighto 
260 |a Ciudad de México  |b Novaro  |c 1956 
650 0 |a Lingüística  |9 265068 
650 0 |a Morfología  |9 334440 
650 0 |a Vocabularios  |9 316229 
650 0 |a Discursos   |9 265028 
583 |a last modification  |c 19951123 00:00:00  |k Rodrigo Vera 
490 0 |a Serie Poligráfica, 31 
999 |c 241826  |d 241824 
952 |0 0  |1 0  |4 0  |6 415_000000000000000_ATK_1956  |7 0  |8 A  |9 254320  |a BIBEDU  |b BIBEDU  |d 2019-11-19  |i 3151980  |o 415 ATK 1956  |p 3151980  |r 2019-11-19  |w 2019-11-19  |y BK  |k LIT